Gramática esencial del español /

Guardado en:
Autor Principal: Seco, Manuel
Formato: Libro
Publicado: España : Espasa Calpe, 1989
Edición:2a. ed.
Materias:
Etiquetas: Agregar Etiqueta
Sin Etiquetas, Sea el primero en etiquetar este registro!
LEADER 00577nam a22002175a 4500
001 CEM.cems005923
005 20060214000000.0
008 130507s1989##################000#0#####d
003 CEMS
082 0 4 |a C465 
100 1 |a Seco, Manuel 
245 1 0 |a Gramática esencial del español / 
250 |a 2a. ed. 
260 |a España :  |b Espasa Calpe,  |c 1989 
300 |a 293 p. 
653 |a Español-historia 
653 |a Fonemas 
653 |a Gramática 
653 |a Gramática española 
653 |a Lexico español 
859 |a CEMS  |b BIB. CEMS - 11 de abril  |h C465  |i Se24a2  |p 16414.91  |t Ej.1